Sports Quiz

Random Sports or Soccer Quiz

Premier League Logos Close-Up Quiz Stats

Quiz Updated Mar 8, 2017

Challenge
Share
Tweet
Score 0/24 Timer 05:00
14 Plays Today
Team % Correct
Arsenal
97.2%
Manchester City
89.6%
Chelsea
85.7%
West Ham United
85.4%
Manchester United
85.3%
Liverpool
84.7%
Fulham
81.4%
Blackburn Rovers
79.2%
Norwich City
78.7%
Wolverhampton Wanderers
77.9%
Everton
70.4%
Hull City
68.8%
Team % Correct
Birmingham City
62.7%
Newcastle United
61.2%
Watford
58.1%
Sunderland
57.2%
Bolton Wanderers
53.2%
Tottenham Hotspur
49.9%
West Bromwich Albion
44.6%
Charlton Athletic
43.7%
Sheffield United
37.4%
Reading
21.3%
Wigan Athletic
14.9%
Barnsley
11.6%

You're not logged in!

Compare scores with friends on all Sporcle quizzes.
Sign Up with Email
OR
Log In

You Might Also Like...

Show Comments

Extras

Top Quizzes Today


Score Distribution

Your Account Isn't Verified!

In order to create a playlist on Sporcle, you need to verify the email address you used during registration. Go to your Sporcle Settings to finish the process.